Statistics for Video Game Titles: Missing Words (C)

Click here to take the quiz!

General Stats

  • This quiz has been taken 22 times
  • The average score is 9 of 20

Answer Stats

Year ReleasedVideo Game% Correct
2020{Cyberpunk} 2077
88%
1996{Command} & Conquer: Red Alert
81%
1999{Crazy} Taxi
81%
2003True {Crime}: Streets of L.A.
81%
2001{Conker}'s Bad Fur Day
69%
2005Shadow of the {Colossus}
69%
2015{Cities} Skylines
56%
1995{Chrono} Trigger
50%
1997Crash Bandicoot 2: {Cortex} Strikes Back
50%
1984Ice {Climber}
38%
2016Mirror's Edge: {Catalyst}
38%
2016Planet {Coaster}
38%
1994Sega Rally {Championship}
31%
1997Armored {Core}
25%
1996{Cool} Boarders
25%
1999Dino {Crisis}
25%
1992Kid {Chameleon}
25%
2004Psi-Ops: The Mindgate {Conspiracy}
19%
2001{Castlevania}: Circle of the Moon
13%
2002{Contra}: Shattered Soldier
6%

Score Distribution

Percentile by Number Answered

Percent of People with Each Score

Your Score History

You have not taken this quiz